Gaming Quiz

Random Gaming or Pokémon Quiz
Score 0/25 Timer 10:00
0 Plays Today
Type Move % Correct
IceIce Beam
94.1%
IceIce Ball
88.2%
IceIce Punch
88.2%
IceIcy Wind
88.2%
IceIce Fang
85.3%
IceIcicle Crash
82.4%
FireIncinerate
82.4%
FireInferno
82.4%
IceIcicle Spear
79.4%
BugInfestation
79.4%
ElectricIon Deluge
79.4%
IceIce Shard
76.5%
SteelIron Defense
73.5%
Type Move % Correct
SteelIron Head
73.5%
SteelIron Tail
73.5%
Fire*Inferno Overdrive
70.6%
IceIce Burn
67.6%
IceIce Hammer
67.6%
PsychicImprison
67.6%
GrassIngrain
64.7%
ElectricEerie Impulse
55.9%
BugFirst Impression
50%
NormalGiga Impact
41.2%
SteelDouble Iron Bash
38.2%
PsychicInstruct
32.4%
Remove Ads.
Support Sporcle.
Get the best of Sporcle when you Go Orange. This ad-free experience offers more features, more stats, and more fun while also helping to support Sporcle. Thank you for becoming a member.

You're not logged in!

Compare scores with friends on all Sporcle quizzes.
OR
Log In

Sporcle TV

Today on Sporcle TV


Watch our educational content, quiz creation guides, and fun videos on Sporcle TV.

Show Comments

Extras

Top Quizzes Today


Score Distribution

Paid Content

Your Account Isn't Verified!

In order to create a playlist on Sporcle, you need to verify the email address you used during registration. Go to your Sporcle Settings to finish the process.

Report this User

Report this user for behavior that violates our Community Guidelines.

Details: